[Event "Prague Opocensky Memorial"]
[Site "Prague"]
[Date "2021.07.13"]
[Round "4"]
[White "Kulhanek, Tomas"]
[Black "Bracker, Frank"]
[Result "1/2-1/2"]
[WhiteElo "2314"]
[BlackElo "2391"]
[PlyCount "41"]
[EventDate "2021.07.10"]
[EventType "tourn"]
[EventRounds "9"]
[EventCountry "CZE"]
[EventCategory "6"]
[SourceTitle "CBM 203 Extra"]
[Source "ChessBase"]
[SourceDate "2021.09.30"]
[SourceVersion "1"]
[SourceVersionDate "2021.09.30"]
[SourceQuality "1"]

1. e4 c5 2. Nf3 e6 3. c3 Nf6 4. e5 Nd5 5. d4 cxd4 6. cxd4 d6 7. Bc4 Be7 8. 0-0 0-0 9. Qe2 Nc6 10. Nc3 dxe5 11. dxe5 Nxc3 12. bxc3 Qc7 13. Bd3 b6 14. Re1 Bb7 15. Ng5 Bxg5 16. Bxg5 Ne7 17. Qh5 Nf5 18. Bxf5 exf5 19. Re3 f4 20. Bxf4 Rfe8 21. Rg3 1/2-1/2

[Event "Prague Opocensky Memorial"]
[Site "Prague"]
[Date "2021.07.10"]
[Round "1"]
[White "Kulhanek, Tomas"]
[Black "Hrabusa, Matej"]
[Result "0-1"]
[WhiteElo "2314"]
[BlackElo "2350"]
[PlyCount "64"]
[EventDate "2021.07.10"]
[EventType "tourn"]
[EventRounds "9"]
[EventCountry "CZE"]
[EventCategory "6"]
[SourceTitle "CBM 203 Extra"]
[Source "ChessBase"]
[SourceDate "2021.09.30"]
[SourceVersion "1"]
[SourceVersionDate "2021.09.30"]
[SourceQuality "1"]

1. e4 c5 2. c3 Nf6 3. e5 Nd5 4. Nf3 d6 5. d4 cxd4 6. Bc4 Nb6 7. Bb3 Nc6 8. exd6 Qxd6 9. 0-0 Be6 10. Bxe6 Qxe6 11. Nxd4 Nxd4 12. Qxd4 Rd8 13. Qh4 Qe2 14. Nd2 Rxd2 15. Bxd2 Qxd2 16. Rfd1 Qh6 17. Qg3 Qc6 18. Qb8+ Nc8 19. b4 e6 20. b5 Qc5 21. Qxb7 Bd6 22. a4 0-0 23. a5 Qh5 24. g3 Bc5 25. Qc7 Qf5 26. Rd2 Nd6 27. Ra4 Ne4 28. Rxe4 Qxe4 29. Qd7 Qf3 30. c4 h5 31. Kf1 Qh1+ 32. Ke2 Qe4+ 0-1